Saquon Barkley Quiz - Statistics

General Stats
  • This quiz has been taken 73 times
  • The average score is 6 of 20
Answer Stats
Hint Answer % Correct
Where did Saquon play in college? Penn State
96%
How many yards did Saquon rush for in the 2024-2025 regular season? 2,005
74%
What year was Saquon drafted? 2018
65%
What overall draft pick was Saquon? 2
61%
How many years has Saquon been in the NFL (including 2024-2025)? 7
61%
What year was Saquon born? 1997
54%
What city was Saquon born in? Bronx, New York
37%
What was the only team that Saquon beat in the playoffs while with the giants? Minnesota Vikings
28%
How many rushing titles has Saquon won in his NFL career? 1
20%
How many times was Saquon tackled at the opposing 1 yard line in 2024? 11
17%
What was the profession of Alibay Barkley, Saquon's father? Boxer
17%
How many rushing touchdowns does Saquon have in his career against the Dallas Cowboys? 3
13%
What is Saquon's longest career run (yardage)? 72
13%
How many recieving touchdowns does Saquon have in his total NFL regular season career? 14
9%
What Jaguars cornerback did Saquon infamously hurdle backwards? Jaarian Jones
7%
What High School did Saquon play for? Whitehall High School
7%
What is the first name of Saquon's daughter? Jada
4%
How many carries does Saquon have in his total NFL regular season career? 1,546
0%
How big are Saquon's quads (inches in circumfrence)? 29 in.
0%
What is Saquon's career high in TOTAL yards? (Hint: earned versus the Rams in 2024) 302 yards
0%
No matching quizzes found
Score Distribution
Percent of People with Each Score
Percentile by Number Answered
Your Score History
You have not taken this quiz